Science Quiz

Random Science or Numbers Quiz

Factors of 1200 Quiz Stats

 Plays Quiz Updated Mar 17, 2020

Support Sporcle.
Go Orange.
Score 0/30 Timer 01:00
0 Plays Today
Factors % Correct
1
99.8%
2
99.6%
4
99.3%
6
99.2%
3
99.1%
12
98%
5
98%
10
96.7%
8
93.6%
20
92.8%
30
89.7%
40
87.6%
60
84.8%
15
83.4%
120
77.5%
Factors % Correct
16
75.7%
24
73.7%
25
72.4%
100
71.6%
50
71.3%
600
62.9%
1200
61.7%
400
58%
300
57.9%
200
56.5%
80
52.6%
48
46.2%
150
34.3%
240
28.9%
75
27.7%

From the Vault

TV Halloween Scenes II

by Sssophie

Holiday 5m
In case you're in need of a few Halloween specials to watch while you devour candy.
Remove Ads.
Support Sporcle.
Get the best of Sporcle when you Go Orange. This ad-free experience offers more features, more stats, and more fun while also helping to support Sporcle. Thank you for becoming a member.

Show Comments

Extras

Top Quizzes Today


Score Distribution

Your Account Isn't Verified!

In order to create a playlist on Sporcle, you need to verify the email address you used during registration. Go to your Sporcle Settings to finish the process.

Report this User

Report this user for behavior that violates our Community Guidelines.

Details: